Herts, Beds, Bucks and Oxon (Record no. 77660)
[ view plain ]
| 000 -LEADER | |
|---|---|
| fixed length control field | 01066cab a2200301 4500 |
| 001 - CONTROL NUMBER | |
| control field | ##L134813 |
| 008 - FIXED-LENGTH DATA ELEMENTS--GENERAL INFORMATION | |
| fixed length control field | 060904n2006 000 0 eng u |
| 035 ## - SYSTEM CONTROL NUMBER | |
| System control number | (Sirsi) u134813 |
| 041 0# - LANGUAGE CODE | |
| Language code of text/sound track or separate title | eng |
| 100 1# - MAIN ENTRY--PERSONAL NAME | |
| Personal name | McAllister, Sean |
| 245 00 - TITLE STATEMENT | |
| Title | Herts, Beds, Bucks and Oxon |
| Remainder of title | regional |
| 260 ## - PUBLICATION, DISTRIBUTION, ETC. | |
| Date of publication, distribution, etc. | 2006 |
| 490 #0 - SERIES STATEMENT | |
| Series statement | Property Week |
| Volume/sequential designation | 71(35) 1 September 2006, 75-93(10) |
| 520 ## - SUMMARY, ETC. | |
| Summary, etc. | Contains a profile of property developer Pete Winkelman, looks at the Eden retail and leisure scheme in High Wycombe, and examines the impact of the Buncefield explosion from the perspective of a local agent. Also interviews James Good who has recently moved to Frontier Estates. |
| 590 ## - LOCAL NOTE (RLIN) | |
| Local note | IKA050906 |
| 651 #4 - SUBJECT ADDED ENTRY--GEOGRAPHIC NAME | |
| Geographic name | HERTFORDSHIRE |
| 651 #4 - SUBJECT ADDED ENTRY--GEOGRAPHIC NAME | |
| Geographic name | BEDFORDSHIRE |
| 651 #4 - SUBJECT ADDED ENTRY--GEOGRAPHIC NAME | |
| Geographic name | BUCKINGHAMSHIRE |
| 651 #4 - SUBJECT ADDED ENTRY--GEOGRAPHIC NAME | |
| Geographic name | OXFORDSHIRE |
| 651 #4 - SUBJECT ADDED ENTRY--GEOGRAPHIC NAME | |
| Geographic name | WATFORD |
| 651 #4 - SUBJECT ADDED ENTRY--GEOGRAPHIC NAME | |
| Geographic name | MILTON KEYNES |
| 651 #4 - SUBJECT ADDED ENTRY--GEOGRAPHIC NAME | |
| Geographic name | HIGH WYCOMBE |
| 651 #4 - SUBJECT ADDED ENTRY--GEOGRAPHIC NAME | |
| Geographic name | HEMEL HEMPSTEAD |
| 690 ## - LOCAL SUBJECT ADDED ENTRY--TOPICAL TERM (OCLC, RLIN) | |
| Topical term or geographic name as entry element | PROPERTY-COMMERCIAL PROPERTY-COMMERCIAL PROPERTY MARKET |
| 700 1# - ADDED ENTRY--PERSONAL NAME | |
| Personal name | Church, Trevor |
| 700 1# - ADDED ENTRY--PERSONAL NAME | |
| Personal name | Brasse, Jonathan |
| 942 ## - ADDED ENTRY ELEMENTS (KOHA) | |
| Suppress in OPAC | 0 |
| Withdrawn status | Lost status | Source of classification or shelving scheme | Damaged status | Not for loan | Home library | Current library | Shelving location | Date acquired | Total Checkouts | Full call number | Barcode | Date last seen | Copy number | Price effective from | Koha item type |
|---|---|---|---|---|---|---|---|---|---|---|---|---|---|---|---|
| Dewey Decimal Classification | London | London | Journal article | 04/09/2006 | L134813 | 134813-1001 | 06/08/2019 | 1 | 06/08/2019 | Journal article |